| 000 | 00740nam a2200193 i 4500 | ||
|---|---|---|---|
| 001 | 142833 | ||
| 003 | ES-MaACL | ||
| 005 | 20230906200632.0 | ||
| 007 | t| | ||
| 008 | 071010s1979 sp ||||1| spa d | ||
| 080 | _a331.1:351.83(46)"19"(094.56) | ||
| 100 | 1 |
_aVidal Caruana, Gonzalo. _9114473 |
|
| 245 | 1 | 0 |
_aSituación de las relaciones industriales en España tras la Constitución _b: proyectos legales y normativa / _cGonzalo Vidal Caruana. |
| 260 |
_a[Madrid] : _bAsociación para el Progreso de la Dirección, _c[1979] |
||
| 300 |
_a203 p. ; _c23 cm. |
||
| 650 | 1 | 4 |
_aRelaciones laborales- _zEspaña- _vLegislación. _916790 |
| 710 | 2 |
_aAsociación para el Progreso de la Dirección. _91775 |
|
| 852 |
_aES-MaACL _jC-30929 _bR.99338 |
||
| 999 |
_c142833 _d142833 |
||